| 000 | 01202nam a22001577a 4500 | ||
|---|---|---|---|
| 008 | 110120t xxu||||| |||| 00| 0 eng d | ||
| 082 |
_a331.0961 _bق و ى |
||
| 110 |
_922099 _aمكتب العمل العربي. منظمة العمل العربية |
||
| 245 |
_aالقوى العاملة والاستخدام في بلدان المغرب العربي : _bترجمة عن الفرنسية لمجموعة من الدراسات التي قدمت في ندوة القوى العاملة والاستخدام في بلدان المغرب العربي.الحمامات (تونس) يونيه/حزيران 1980 / _cأشرفت على الترجمة إدارة القوى العاملة والتدريب. مكتب العمل العربي / |
||
| 260 |
_aالاسكندرية : _bمنظمة العمل العربية. مكتب العمل العربي ، 1982 _c1982 |
||
| 300 |
_a371 ص : _bأيض ؛ _c22 سم |
||
| 541 | _aد. باسم أحمد ؛ | ||
| 650 |
_922097 _aالقوى العاملة _zالمغرب العربي |
||
| 942 |
_2ddc _cBB |
||
| 999 |
_c14927 _d14927 |
||